00423nam a2200145Ia 4500008004100000100001900041245006000060245001900120260005900139260000900198300001100207650001800218650001500236856002600251170221s9999 xx 000 0 und d aPradeep Tewari aEvolutions in Photojournalism in India (2001 to 2011)  cPradeep Tewari bOnline Journal of Communication and Media Technologies c2014 a34 : 7 xCommunication xMedia Arts uhttp://www.ojcmt.net/